00341nam a2200157Ia 4500008004000000082001300040100002200053245001900075250000500094260004500099300000800144650000800152650000800160650000800168650000700176210210b1999 xxu||||| |||| 00| 0 eng d a658 SILT aSILBIGER (Steven) aThe 10 Day MBA a aMumbai.bMagna Publishing Co Ltd.,c1999 a361 aThe aMBA aDay a10